书目信息 |
| 题名: |
峡谷幽兰
|
|
| 作者: | 肖迎 主编 | |
| 分册: | ||
| 出版信息: | 北京 中国社会科学出版社 2009.04 |
|
| 页数: | 354页 | |
| 开本: | 24cm | |
| 丛书名: | 新民族志实验丛书 | |
| 单 册: | ||
| 中图分类: | K892.317 | |
| 科图分类: | ||
| 主题词: | 傈僳族--li su zu--少数民族风俗习惯--研究--云南省 | |
| 电子资源: | ||
| ISBN: | 978-7-5004-7731-0 | |
| 000 | 01071nam 2200265 450 | |
| 001 | 012009140265 | |
| 005 | 20090916151945.15 | |
| 010 | @a978-7-5004-7731-0@dCNY45.00 | |
| 100 | @a20090916d2009 em y0chiy0120 ea | |
| 101 | 0 | @achi |
| 102 | @aCN@b110000 | |
| 105 | @aak z 000yy | |
| 106 | @ar | |
| 200 | 1 | @a峡谷幽兰@Axia gu you lan@e福贡县鹿马登乡赤恒底村傈僳族村民日记@f肖迎主编@Fxiao ying zhu bian |
| 210 | @a北京@c中国社会科学出版社@d2009.04 | |
| 215 | @a354页@c图@d24cm | |
| 225 | 2 | @a新民族志实验丛书@Axin min zu zhi shi yan cong shu |
| 330 | @a本书是云南大学新民族志实验丛书之一。主要内容为村民日常生活起居力图通过对僳僳族村民生活的真实描述,为民族学研究提供真实的当代生活的日常起居的文字资料。 | |
| 410 | 0 | @12001 @a新民族志实验丛书 |
| 517 | 1 | @a福贡县鹿马登乡赤恒底村傈僳族村民日记@Afu gong xian lu ma deng xiang chi heng di cun li su zu cun min ri ji |
| 606 | 0 | @a傈僳族@Ali su zu@x少数民族风俗习惯@x研究@y云南省 |
| 690 | @aK892.317@v4 | |
| 701 | 0 | @a肖迎@Axiao ying@4主编 |
| 801 | 0 | @aCN@bQSSK@c20090916 |
| 905 | @b751766-68@dK892.317@eX295@f3 | |
| 峡谷幽兰:福贡县鹿马登乡赤恒底村傈僳族村民日记/肖迎主编.-北京:中国社会科学出版社,2009.04 |
| 354页:图;24cm.-(新民族志实验丛书) |
| ISBN 978-7-5004-7731-0:CNY45.00 |
| 本书是云南大学新民族志实验丛书之一。主要内容为村民日常生活起居力图通过对僳僳族村民生活的真实描述,为民族学研究提供真实的当代生活的日常起居的文字资料。 |
| ● |
| 相关链接 |
|
|
|
正题名:峡谷幽兰
索取号:K892.317/X295
 
预约/预借
| 序号 | 登录号 | 条形码 | 馆藏地/架位号 | 状态 | 备注 |
| 1 | 751766 | 207517668 | 社科库309/309社科库 11排2列5层/ [索取号:K892.317/X295] | 在馆 | |
| 2 | 751767 | 207517677 | 社科库309/309社科库 11排2列5层/ [索取号:K892.317/X295] | 在馆 | |
| 3 | 751768 | 207517686 | 社科库309/309社科库 11排2列5层/ [索取号:K892.317/X295] | 在馆 |